| 000 | 00000nas 2200000za 4500 |
| 001 | 9.826332 |
| 003 | CaOODSP |
| 005 | 20221107144548 |
| 007 | cr ||||||||||| |
| 008 | 161025d19391950oncar p oss f0###a0eng|d |
| 040 | |aCaOODSP|beng |
| 043 | |an-cn--- |
| 086 | 1 |aCS41-205E-PDF |
| 245 | 04|aThe boilers, tanks & plate work industry in Canada |h[electronic resource]. |
| 246 | 13|aBoilers, tanks and plate work industry|f1939-1948 |
| 246 | 13|aBoilers, tanks and plate work industry|f1940-1942, 1948-1949 |
| 246 | 1 |iAt head of caption title:|aIron and steel and their products|f1939-1948 |
| 260 | |a[Ottawa] : |bDominion Bureau of Statistics, Mining, Metallurgical and Chemical Branch, |c1941-[1952?] |
| 310 | |aAnnual |
| 362 | 0 |a1939-1950. |
| 490 | 0 |aAnnual bulletin |
| 490 | 0 |aAnnual industry report |
| 500 | |aDigitized edition from print [produced by Statistics Canada]. |
| 515 | |aIssue for 1940 not published. |
| 515 | |aIssues for 1949-1950 called v. 2, pt. XII-C-1. |
| 520 | |aAnnual statistics on the numbers of plants, operating expenses, employees, salaries, cost of fuel and electricity, cost of material and selling value of boilers, tanks and engines in Canada. |
| 550 | |aIssued 1945-1946 by Mining, Metallurgical and Chemical Statistics; 1947-1949 by Mining, Metallurgical & Chemical Section. |
| 692 | 07|2gccst|aManufacturing industry |
| 692 | 07|2gccst|aStatistics |
| 710 | 1 |aCanada. |bDominion Bureau of Statistics. |bMining, Metallurgical and Chemical Section. |
| 710 | 1 |aCanada.|bCensus of Industry.|bMining, Metallurgical and Chemical Statistics. |
| 710 | 1 |aCanada. |bCensus of Industry. |bMining, Metallurgical & Chemical Branch. |
| 780 | 00|tThe boilers, tanks and engines industry in Canada |w(CaOODSP)9.826329 |
| 785 | 00|tThe boilers and plate work industry |w(CaOODSP)9.826341 |